Gritos silenciosos /
Gardado en:
| Autor Principal: | |
|---|---|
| Formato: | Libro |
| Idioma: | Lingua castelá |
| Publicado: |
Barcelona, España :
RBA,
2006, c2006
|
| Series: | (Testimonios de Mujer)
|
| Temas: | |
| Etiquetas: |
Sen Etiquetas, Sexa o primeiro en etiquetar este rexistro!
|
MARC
| LEADER | 00000nam^a2200000^a^4500 | ||
|---|---|---|---|
| 001 | 000449904 | ||
| 005 | 20250521000000.0 | ||
| 009 | 20260310123733.326 | ||
| 020 | |a 978-84-473-5163-3 | ||
| 037 | |a Acervo ITESO - Biblioteca | ||
| 041 | |a ESP | ||
| 082 | |a 362. 82920946 |b ZUB | ||
| 100 | |a Zubiaur, Paula |e (autor) | ||
| 240 | 1 | 1 | |a [Gritos silenciosos] |
| 245 | 1 | 0 | |a Gritos silenciosos / |c P. Zubiaur. |
| 246 | 2 | |a Título en la cubierta: Gritos silenciosos: la escalofriante historia de una mujer maltratada | |
| 264 | 4 | |a Barcelona, España : |b RBA, |c 2006, c2006 | |
| 300 | |a 278 p. | ||
| 336 | |a texto |b txt |2 rdacontenido | ||
| 337 | |a sin mediación |b n |2 rdamedio | ||
| 338 | |a volumen |b nc |2 rdasoporte | ||
| 440 | 1 | |a (Testimonios de Mujer) | |
| 649 | |a XX | ||
| 650 | |a Mujeres Españolas - |x Condiciones Sociales y Culturales | ||
| 650 | |a Mujeres Españolas - |x Memorias | ||
| 650 | |a Memorias Españolas | ||
| 650 | |a Violencia Doméstica - |z España - |x Tema Principal | ||
| 650 | |a Discriminación de Género - |z España | ||
| 650 | |a Problemas Sociales - |z España | ||
| 650 | |a Género - |z España | ||
| 650 | |a Sociología | ||
| 650 | |a Zubiaur, Paula - |x Tema Principal | ||
| 910 | |a Fondo Castillo-Martínez | ||
| 920 | |a Impresos - Libros | ||
| 930 | |a Fondos Especiales | ||
| 905 | |a 127 | ||
| 901 | |a 0500342961 |b IT2 |c ESP |i D126144 |u 20250521 | ||
| 902 | |a https://opac.biblio.iteso.mx/vufind/Record/000449904 | ||